Batailles de la Guerre de Cent Ans - Statistiques

Statistiques générales
  • Ce quiz a été pris 52 fois
  • Le résultat moyen est 2 sur 15
Statistiques - réponses
Date et issue de la bataille ou du siège Lieu de la bataille ou du siège % Correct
26 août 1346 / Victoire anglaise décisive Crécy
76%
24 juin 1340 / Victoire anglaise L’Écluse
59%
4 septembre 1346 - 3 août 1347 / Victoire anglaise décisive Calais
41%
26 juillet 1346 / Victoire anglaise Caen
17%
23 juillet - 25 septembre 1340 / Victoire française Tournai
7%
24 août 1346 / Victoire anglaise Blanquetaque
4%
9 Novembre 1337 / Victoire anglaise Cadzand
4%
17 octobre 1346 / Victoire anglaise décisive face aux Écossais Neville's Cross
4%
23 Septembre 1338 / Victoire française Arnemuiden
2%
Août 1345 / Victoire anglaise Bergerac
2%
26 Septembre - 9 Octobre 1339 / Échec anglais Cambrai
2%
26 juillet 1340 / Victoire française Saint-Omer
2%
1er avril – 20 août 1346 / Victoire anglaise Aiguillon
0%
21 octobre 1345 / Victoire anglaise Auberoche
0%
Été 1349 / Issue indécise Lunalonge
0%
Aucun quiz correspondant
Distribution des résultats
% des personnes avec chaque résultat
Percentile par nombre de réponses
Votre historique - résultats
Vous n’avez pas pris ce quiz